000 00659nam a22002417a 4500
001 32375
003 UA-OsUOA
005 20220703162218.0
007 ta
008 20050201b un ||||| |||| 00| 0 ukr d
040 _aUA-OsUOA
_brus
_cUA-OsUOA
_dUA-OsUOA
041 _arus
044 _aRU
080 _a821(47+57)
090 _a821(47+57)
_bГ39
245 _aГероический эпос народов СССР
_cсост. А. Петросян
260 _aМосква
_bХудожественная литература
_c1975
300 _a578 с.
_bІлюстрації
505 _gт. 2
650 7 _2UDC
942 _cBK
_2udc
955 _a0
999 _c318817
_d318817